000 00524nam a2200205Ia 4500
005 20220602120142.0
008 131103s9999 xx 000 0 und d
020 _a81-86939-09-1
_cRs.250.00
040 _aLoreto College
041 _aEnglish
082 _aF
_bLAL
100 _aLal,Ranjit
245 4 _aThe life & times of Altu -Faltu
_b a fable
_cRanjit Lal
260 _aNew Delhi
_bIndiaInk
_c2001
300 _a373p.
650 _aFiction-English
651 _aEnglish-Fiction
850 _aLCLIB
942 _cBK
999 _c36024
_d86503